Movies Quiz

Random Movies or Word Play Quiz

Movie Pictograms Quiz Stats

Quiz Updated Feb 22, 2015

Challenge
Share
Tweet
Score 0/18 Timer 06:00
0 Plays Today
% Correct
American Pie
99.6%
Iron Man
98.8%
The Silence of the Lambs
95.9%
Planet of the Apes
94.7%
The Jungle Book
94.4%
Sleepless in Seattle
91.2%
Animal House
90.2%
Top Gun
86.8%
My Big Fat Greek Wedding
86.3%
% Correct
Million Dollar Baby
84.4%
Black Hawk Down
83.6%
Dances with Wolves
82.8%
Cowboys & Aliens
82.5%
Angels & Demons
79.1%
Blazing Saddles
74.3%
Moonraker
65.4%
Sex and the City
63.9%
The Pelican Brief
62.4%

You're not logged in!

Compare scores with friends on all Sporcle quizzes.
Sign Up with Email
OR
Log In

You Might Also Like...

Show Comments

Extras

Top Quizzes Today


Score Distribution

Your Account Isn't Verified!

In order to create a playlist on Sporcle, you need to verify the email address you used during registration. Go to your Sporcle Settings to finish the process.